000 00705nam a2200205 a 4500
005 20220811064052.0
008 991125s1987 mx 000 0 spa u
020 _a9682915708
035 _aUPN01000000363
049 _aCG
050 4 _aQA141.2
_bA4.3
100 1 _aAlvarez G., María del Carmen
245 1 0 _aAcerca de la numeración :
_breflexiones y propuestas /
_cMa. del Carmen Alvarez G.
260 _aMéxico :
_bIPN, Centro de Investigación y de Estudios Avanzados, Departamento de Investigaciones Educativas,
_c1987.
300 _a63 p. :
_bil.
440 0 _aCuadernos de educación continua
650 4 _aNUMERACION -
_xHISTORIA
_921117
650 4 _aConcepto de número
_93973
905 _aLibro
999 _c363
_d363